[Event "World Chess Candidates 2018"]
[Site "Berlin"]
[Date "2018.03.22"]
[Round "10"]
[White "Mamedyarov, Shakhriyar"]
[Black "Caruana, Fabiano"]
[Result "1/2-1/2"]
[WhiteElo "2809"]
[BlackElo "2784"]
[PlyCount "115"]
[EventDate "2018.??.??"]
[EventType "tourn"]
[EventCountry "GER"]
[SourceTitle "playchess.com"]
[Source "ChessBase"]
[SourceQuality "1"]

1. d4 Nf6 2. c4 e6 3. Nf3 d5 4. g3 dxc4 5. Bg2 Nc6 6. O-O Rb8 7. e3 Be7 8. Nfd2
e5 9. Bxc6+ bxc6 10. dxe5 Ng4 11. Nxc4 Be6 12. Nbd2 (12. Qxd8+ Rxd8 13. Nbd2
Bb4 14. e4 Bxd2 15. Nxd2 Nxe5 16. f4 Nd3 17. f5 Nxc1 18. Raxc1 Bxf5 19. exf5
Rxd2 20. Rxc6 Kd7 21. Rfc1 {1/2-1/2 (21) Van der Stricht,G (2424)-Hausrath,D 
(2507) Belgium 2008}) 12... h5 13. f3 Qd3 14. fxg4 Bxc4 15. Nxc4 Qxc4 16. gxh5
Qe6 17. Qf3 Rb5 18. Qf5 Rxe5 19. Qxe6 Rxe6 20. Rf5 Rd6 21. Kg2 Rd1 22. b3 g6
23. Re5 c5 (23... Rxh5 24. Rxe7+ Kxe7 25. Ba3+ Rd6 26. Bxd6+ cxd6 27. Rc1 Ra5
28. Rxc6 Rxa2+ 29. Kf3 Rxh2 30. Rc7+ Ke6 31. Rxa7 $11) 24. hxg6 fxg6 25. e4 Rh7
26. h4 Rf7 27. Kh3 Rff1 28. Bg5 Rxa1 29. Rxe7+ Kf8 30. Rxc7 Rxa2 31. Be7+ Kg8
32. Rc8+ Kg7 33. Bxc5 Re2 34. e5 Rd1 35. Re8 Rd5 36. Bd6 $5 Re3 (36... Rxd6 $4
37. Re7+ $1 $18) 37. Re7+ Kg8 38. Re8+ Kf7 39. Re7+ Kg8 40. b4 Rdd3 41. Kg4
Rxg3+ 42. Kf4 Rgf3+ 43. Ke4 Rfe3+ 44. Kf4 Rf3+ 45. Kg5 Rf7 46. e6 Rd5+ 47. Kxg6
Rxd6 48. Rxf7 Rxe6+ 49. Rf6 Re4 50. b5 Rxh4 51. Ra6 Rh7 52. b6 Rg7+ 53. Kh6
Rh7+ 54. Kg5 Rg7+ 55. Kf5 axb6 56. Rxb6 Rf7+ 57. Rf6 Rxf6+ 58. Kxf6 1/2-1/2

[Event "World Chess Candidates 2018"]
[Site "Berlin"]
[Date "2018.03.22"]
[Round "10"]
[White "Kramnik, Vladimir"]
[Black "Aronian, Levon"]
[Result "1-0"]
[WhiteElo "2800"]
[BlackElo "2794"]
[PlyCount "73"]
[EventDate "2018.??.??"]
[EventType "tourn"]
[EventCountry "GER"]
[SourceTitle "playchess.com"]
[Source "ChessBase"]
[SourceQuality "1"]

1. e4 e5 2. Nf3 Nc6 3. Bc4 Bc5 4. Nc3 Nf6 5. d3 a6 6. Nd5 Nxd5 7. Bxd5 d6 (7...
O-O 8. Bg5 Be7 9. h4 d6 10. Qd2 Bg4 11. c3 Qd7 12. O-O-O Nd8 13. d4 exd4 14.
Nxd4 Bxd1 15. Qxd1 Re8 16. Nf5 Bf8 17. Qg4 Kh8 18. h5 h6 19. Bh4 c6 20. Bb3 Re5
21. Bc2 Qe6 22. f4 Rb5 23. Kb1 g6 24. hxg6 fxg6 25. Bg5 gxf5 26. exf5 Qg8 27.
a4 Rc5 28. Bf6+ Kh7 29. Qh4 Nf7 30. Bd4 Rd5 31. Rh3 Rxd4 32. f6+ Kh8 33. cxd4
Re8 34. Rg3 Re1+ 35. Ka2 Ng5+ 36. Bb3 Qg6 37. Rd3 Qxd3 38. Qxe1 Ne4 39. Qa5
Qxd4 40. Qf5 d5 41. Bc2 Qc4+ 42. Kb1 Nd2+ 43. Ka1 Nb3+ 44. Bxb3 Qxb3 45. Qc8
Qxa4+ 46. Kb1 Qe4+ 47. Ka2 Qb4 48. g4 Qd6 49. g5 Kg8 50. Qf5 d4 51. Qg6+ Kh8
52. Qf7 {1/2-1/2 (52) Benda,H (2274)-Kilgus,G (2354) Austria 2007}) 8. Be3 Bxe3
9. fxe3 O-O (9... Ne7 10. O-O O-O 11. Bb3 Ng6 12. Qe1 h6 13. Qg3 Kh7 14. Rf2 c6
15. Raf1 f5 16. exf5 Rxf5 17. c3 d5 18. e4 dxe4 19. dxe4 Rh5 20. Bf7 Qd6 21.
Bxg6+ Qxg6 22. Qxg6+ Kxg6 23. g4 Rh3 24. Kg2 {1-0 (24) Sofiev,A (2054)
-Samolins,V (2292) Narva 2006}) 10. O-O Nb8 11. b4 Nd7 12. Qd2 c6 13. Bb3 a5
14. a3 Nf6 15. h3 h6 16. Rab1 b5 17. Qc3 Bd7 18. Rf2 Qb6 19. Re1 Rfe8 20. Nh4
c5 21. Ref1 cxb4 22. Qe1 d5 23. axb4 dxe4 24. bxa5 Rxa5 25. Ng6 Be6 26. Nxe5
exd3 27. Rxf6 gxf6 28. Rxf6 d2 29. Qg3+ Kf8 30. Rf1 Ra7 31. Ng6+ Kg7 32. Nf4+
Kh8 33. Nh5 f6 34. Nxf6 Rf8 35. Qf4 Rh7 36. Qe5 Qc7 $4 (36... Rg7 $1 $11 37.
Bxe6 Rg5 38. Nh5+ Rxe5 39. Rxf8+ Kh7 40. Rf7+ Kh8 41. Rf8+ Kh7 42. Rf7+ $11)
37. Ne8+ $1 (37. Ne8+ Kg8 38. Qxe6+ Rff7 39. Nf6+ Kg7 40. Qg4+ Kf8 41. Qg8+ Ke7
42. Qe8+ Kd6 43. Ne4# {[%csl Gb3,Rd6,Ge4,Ge8][%cal Ye8c6,Ye8e5,Yb3d5,Ye4d6,
Ye4c5]}) (37. Ne8+ Qxe5 38. Rxf8+ Bg8 39. Rxg8#) 1-0

[Event "World Chess Candidates 2018"]
[Site "Berlin"]
[Date "2018.03.23"]
[Round "11"]
[White "Caruana, Fabiano"]
[Black "Kramnik, Vladimir"]
[Result "1/2-1/2"]
[WhiteElo "2784"]
[BlackElo "2800"]
[PlyCount "79"]
[EventDate "2018.??.??"]
[EventType "tourn"]
[EventCountry "GER"]
[SourceTitle "playchess.com"]
[Source "ChessBase"]
[SourceQuality "1"]

1. c4 e6 2. Nc3 d5 3. d4 c6 4. e4 dxe4 5. Nxe4 c5 $5 (5... Bb4+ 6. Bd2 Qxd4 7.
Bxb4 Qxe4+ 8. Be2 c5 (8... Na6 9. Ba5 b6 10. Qd6 Bd7 11. Bc3 f6 12. Rd1 O-O-O
13. Nf3 e5 14. Qa3 Kb7 15. Rd2 Qb1+ 16. Rd1 Qg6 17. O-O Nh6 18. Rfe1 Nc7 19.
Nd2 Bg4 20. f3 Bh3 21. Bf1 Bf5 22. c5 Bd3 23. cxb6 axb6 24. Nc4 Bxc4 25. Bxc4
Nf5 26. Rxd8 Rxd8 27. Bf1 Qf7 28. Qa4 Nd4 29. Bxd4 Rxd4 30. Qc2 Qxa2 31. Qxh7
Qf7 32. Ra1 Qd7 33. h4 Rb4 34. h5 Qd4+ 35. Kh1 Qf2 36. g4 Rxb2 {0-1 (36)
Khismatullin,D (2682)-Savchenko,B (2559) Nakhchivan 2014}) 9. Bc3 f6 10. Nf3
Qf4 11. O-O Nc6 12. Nd2 Nge7 13. Bh5+ Ng6 14. g3 Qc7 15. Ne4 O-O 16. Nxc5 Nce5
17. Ne4 Qxc4 18. Nd6 Qa6 19. f4 Nd3 20. Rf3 Qb6+ 21. Kh1 Nc5 22. b4 Na6 23. a4
Rd8 24. Rd3 Nxb4 25. Bxb4 Qxb4 26. Bf3 Qa5 27. Rc1 Ne7 28. f5 Kf8 29. Bg2 g6
30. fxg6 hxg6 31. Qb3 Nc6 32. Nc4 Qc7 33. Rxd8+ Qxd8 34. Rd1 Qe7 35. Nd6 e5 36.
Qe3 Kg7 37. Qc5 Bd7 38. Nxb7 Qxc5 39. Nxc5 Be8 40. Ne6+ Kf7 41. Nc7 Rc8 42.
Nxe8 Kxe8 43. Rd6 Nd4 44. Rxf6 Ke7 45. Rf1 Rc4 46. Be4 g5 47. Rf7+ Kxf7 48.
Bd5+ Kf6 49. Bxc4 e4 50. Kg2 e3 {1/2-1/2 (50) Kamsky,G (2695)-Kramnik,V (2710)
New York 1994}) 6. Nxc5 (6. Nf3 cxd4 7. Qxd4 Bb4+ 8. Bd2 Qxd4 9. Nxd4 Bxd2+ 10.
Kxd2 Nf6 11. Nxf6+ gxf6 12. Nb5 Na6 13. Be2 Bd7 14. Bf3 Bxb5 15. cxb5 O-O-O+
16. Ke2 Nb4 17. Rhd1 Rxd1 18. Rxd1 Re8 19. Rd4 Nxa2 20. Ra4 Nc1+ 21. Kd2 {
1-0 (21) Maderna,C-Olivera,A Mar del Plata 1948}) 6... Nc6 $5 (6... Bxc5 7.
dxc5 Qxd1+ 8. Kxd1 Nf6 9. Be2 Bd7 10. b4 O-O 11. Be3 Rd8 12. Ke1 e5 13. Rd1 Nc6
14. a3 Bg4 15. f3 Be6 16. Rd6 Ne8 17. Rd2 Rxd2 18. Kxd2 Rd8+ 19. Kc3 Nc7 20.
Bd3 f5 21. Ne2 e4 22. fxe4 Ne5 23. Nd4 Nxd3 24. Kxd3 fxe4+ 25. Kc3 Bf7 26. Rd1
Ne6 27. Rd2 Nc7 28. Nb5 Rxd2 29. Bxd2 Nxb5+ 30. cxb5 Be8 31. a4 Kf7 32. Kd4 a6
33. c6 b6 34. c7 Bd7 35. bxa6 {1-0 (35) Hutt,A (2122)-Moas,H Carlow Villa Paz
2003}) 7. Nf3 Nxd4 8. Qxd4 Qxd4 9. Nxd4 Bxc5 10. Nb5 Ke7 11. Bd2 Bd7 12. b4
Bxb5 13. cxb5 Bd6 14. g3 Rc8 15. Bg2 b6 16. Ke2 Nh6 17. Rac1 Nf5 18. Bc3 f6 19.
f4 h5 20. Bc6 Rcd8 21. a4 h4 22. Kf3 hxg3 23. hxg3 Rxh1 24. Rxh1 Bb8 25. Be4
Kf7 26. Rc1 Ne7 27. Be1 f5 28. Bb1 Rd4 29. Bc3 Rc4 30. Ba2 Rc8 31. Bb2 Rd8 32.
Bc4 Rc8 33. Bb3 Rxc1 34. Bxc1 Bd6 35. Bd2 Nd5 36. Bxd5 exd5 37. Bc3 Be7 38. a5
Bf6 39. Bxf6 Kxf6 40. Ke3 1/2-1/2

[Event "World Chess Candidates 2018"]
[Site "Berlin"]
[Date "2018.03.23"]
[Round "11"]
[White "So, Wesley"]
[Black "Mamedyarov, Shakhriyar"]
[Result "1/2-1/2"]
[WhiteElo "2799"]
[BlackElo "2809"]
[PlyCount "80"]
[EventDate "2018.??.??"]
[EventType "tourn"]
[EventCountry "GER"]
[SourceTitle "playchess.com"]
[Source "ChessBase"]
[SourceQuality "1"]

1. d4 Nf6 2. c4 e6 3. Nf3 d5 4. g3 Be7 5. Bg2 O-O 6. O-O dxc4 7. Qc2 c6 8. Qxc4
b5 9. Qc2 Bb7 10. Nc3 Nbd7 11. Rd1 Qb6 12. Ne5 (12. e4 c5 13. d5 exd5 14. Nxd5
Nxd5 15. exd5 Rad8 16. Be3 {1/2-1/2 (16) Arkhipov,S (2530)-Luther,T (2515)
Lippstadt 1994}) 12... Rfd8 13. Be3 Nd5 14. Nxd5 cxd5 15. Rac1 Rac8 16. Qd3 b4
17. Rxc8 Bxc8 18. Qc2 Nxe5 19. dxe5 d4 20. Bxd4 Rxd4 21. Qxc8+ Rd8 22. Rxd8+
Qxd8 23. Qxd8+ Bxd8 24. b3 Bc7 25. f4 Bb6+ 26. Kf1 Be3 27. h4 h5 28. Bh3 Kf8
29. Kg2 Ke7 30. Kf3 Bd2 31. e3 Be1 32. f5 exf5 33. Bxf5 g6 34. Bd3 Bc3 35. Kf4
Be1 36. Bc4 Bf2 37. Bd5 Be1 38. g4 hxg4 39. Kxg4 Bc3 40. Kf4 Be1 1/2-1/2

[Event "World Chess Candidates 2018"]
[Site "Berlin"]
[Date "2018.03.23"]
[Round "11"]
[White "Aronian, Levon"]
[Black "Karjakin, Sergey"]
[Result "0-1"]
[WhiteElo "2794"]
[BlackElo "2763"]
[PlyCount "148"]
[EventDate "2018.??.??"]
[EventType "tourn"]
[EventCountry "GER"]
[SourceTitle "playchess.com"]
[Source "ChessBase"]
[SourceQuality "1"]

1. c4 Nf6 2. Nf3 e6 3. g3 d5 4. Bg2 dxc4 5. Qa4+ c6 6. Qxc4 b5 7. Qb3 Bb7 8.
O-O Be7 9. d4 O-O 10. Rd1 Nbd7 11. Ne5 (11. Nc3 a6 12. Ne5 Nxe5 13. dxe5 Nd7
14. Bf4 Qc7 15. Ne4 Nc5 16. Nxc5 Bxc5 17. Be4 Be7 18. Qf3 Rab8 19. Qg4 Rfd8 20.
Bg5 Rxd1+ 21. Rxd1 Rd8 22. Rxd8+ Qxd8 23. Bxe7 Qxe7 24. Qf3 Qd7 25. Qd3 Qxd3
26. exd3 f5 27. Bg2 a5 28. a3 b4 29. axb4 axb4 30. f4 Kf7 31. Kf2 Ke7 32. d4
Kd7 33. Bf1 c5 34. dxc5 Bd5 35. Bb5+ Ke7 36. Ke3 {1-0 (36) Brynell,S (2486)
-Rombaldoni,A (2459) Porto Carras 2011}) 11... Nxe5 12. dxe5 Nd7 13. Bf4 Qc7
14. Nd2 Rfd8 15. Rac1 a6 16. Qe3 c5 17. Bxb7 Qxb7 18. Ne4 c4 19. h4 h6 20. Rd4
Nf8 21. b3 $6 Rxd4 22. Qxd4 Rd8 23. Nd6 Bxd6 24. exd6 f6 25. Be3 e5 26. Qb2 Qc6
27. bxc4 bxc4 28. Qb4 Rc8 29. f3 h5 30. Kf2 Kf7 31. Rd1 Nd7 32. Qb1 g6 33. g4
Rh8 34. g5 f5 35. Qc2 Rc8 36. Qc3 Ke6 37. Kg2 Qa4 38. Qd2 Qb5 39. a4 Qc6 40.
Qc2 Rb8 41. Bd2 Rb3 42. Bc3 Qxa4 43. Ra1 Qc6 44. Ra5 Rb5 45. Qa4 Nb6 46. Qa1
Rxa5 47. Qxa5 Qb5 48. d7 Kxd7 49. Qa3 Nd5 50. Bxe5 Qc6 51. Qf8 Qe6 52. Qb8 c3
53. Qb7+ Ke8 54. Qb8+ Kf7 55. Qb7+ Ne7 56. Bxc3 Qxe2+ 57. Kh3 Qb5 58. Qc7 Qc6
59. Qe5 Qxf3+ 60. Kh2 Qf2+ 61. Kh1 Qxh4+ 62. Kg1 Qxg5+ 63. Kh2 Qh4+ 64. Kg1 Qe4
65. Qg7+ Ke6 66. Bf6 Nd5 67. Bb2 f4 68. Kh2 Kf5 69. Qf8+ Kg5 70. Qd8+ Kg4 71.
Qc8+ Kh4 72. Bg7 Qe2+ 73. Kh1 Qf3+ 74. Kh2 Qg3+ 0-1

[Event "World Chess Candidates 2018"]
[Site "Berlin"]
[Date "2018.03.23"]
[Round "11"]
[White "Ding, Liren"]
[Black "Grischuk, Alexander"]
[Result "1/2-1/2"]
[WhiteElo "2769"]
[BlackElo "2767"]
[PlyCount "192"]
[EventDate "2018.??.??"]
[EventType "tourn"]
[EventCountry "GER"]
[SourceTitle "playchess.com"]
[Source "ChessBase"]
[SourceQuality "1"]

1. c4 c5 2. Nf3 Nf6 3. Nc3 Nc6 4. e3 e6 5. d4 d5 6. a3 dxc4 7. Bxc4 a6 8. O-O
b5 9. Ba2 Bb7 10. Qe2 Qc7 11. Bd2 Be7 (11... Rd8 12. Rfc1 cxd4 13. exd4 Be7 14.
d5 exd5 15. Bg5 O-O 16. Bxf6 Bxf6 17. Nxd5 Qd6 18. Re1 Nd4 19. Nxf6+ Qxf6 20.
Nxd4 Rxd4 21. Rad1 Re4 22. Qd2 Qg6 23. Bd5 Bxd5 24. Qxd5 Rxe1+ 25. Rxe1 Qc2 26.
Qd4 h6 27. h4 Qc7 28. h5 Rd8 29. Qe3 Qc2 30. Qe5 Rd1 31. Rxd1 Qxd1+ 32. Kh2 Qb3
33. f3 a5 34. Kg3 a4 35. Qd4 Qc2 36. Qe5 Qc6 37. Qb8+ {1/2-1/2 (37)
Nepomniachtchi,I (2751)-Gelfand,B (2695) Moscow RUS 2018}) 12. Rac1 c4 13. e4
Rd8 14. Be3 Ng4 15. e5 Na5 16. Bf4 Qb6 17. Rcd1 h5 (17... O-O 18. h3 f5 19. Qd2
Nh6 20. Bxh6 gxh6 21. Qxh6 $16) 18. h3 Nh6 19. Bb1 Nb3 20. Be3 Qc7 21. Rfe1 Kf8
22. d5 exd5 23. e6 fxe6 24. Ng5 Qd7 25. Bg6 Bf6 $2 (25... Rc8 26. Qf3+ Bf6 27.
Nxe6+ Qxe6 28. Bxh6) 26. Bb6 Rc8 (26... Bxg5 $6 27. Bxd8 Bxd8 28. Qxe6 Qxe6 29.
Rxe6 Be7 30. Rxd5 Bxd5 31. Nxd5 Nf7 32. Rxe7 $18) 27. Nxe6+ Kg8 28. Nxd5 Bxd5
29. Nf4 Nc1 30. Qxh5 Nd3 31. Nxd5 Nf7 32. Qe2 Nfe5 33. Be4 Rh4 34. f4 Rxf4 35.
Nxf4 Nxf4 36. Bh7+ Kh8 37. Qe4 Qc6 38. Bd4 Nxh3+ $6 (38... Ned3 $1 39. Bxf6
Qxf6 40. Rf1 $13) 39. Kh2 (39. gxh3 $6 Nf3+ 40. Kh1 Qxe4 41. Rxe4 Nxd4 42. Bg6
$13) 39... Ng5 40. Qxc6 Rxc6 41. Bc2 Ngf7 42. Bxe5 Nxe5 43. Rd5 Re6 44. Kh3 Kg8
45. b3 Kf7 46. bxc4 Nxc4 47. Rd7+ Be7 48. Rxe6 Kxe6 49. Ra7 Nxa3 50. Rxa6+ Kd5
51. Bh7 Nc4 52. Kg4 Bf6 53. Ra7 Kd4 54. Bg8 Nd6 55. Kf3 Kc5 56. Ra8 b4 57. Ke2
Bc3 58. Kd3 Kb6 59. Ke3 Kc6 60. Kf4 Nb7 61. Kf5 Nc5 62. g4 Kb5 63. g5 b3 64.
Kg6 Kb4 65. Bd5 Bd4 66. Kh7 Kc3 67. g6 b2 68. Ba2 Kc2 69. Rb8 Ne4 70. Rb4 Nc3
71. Be6 $1 Kc1 72. Bf5 Be5 73. Rb7 b1=Q 74. Bxb1 Nxb1 75. Rxg7 Nc3 76. Re7 Bd4
77. Rd7 Be5 78. Kh6 Kc2 79. Kg5 Kb3 80. Kf5 Bh8 81. Rb7+ Kc2 82. Rh7 Bd4 83.
Ke6 Kb3 84. Rd7 Bh8 85. Rd8 Bg7 86. Kf7 Be5 87. Re8 Bd4 88. Rb8+ Kc2 89. Rb7
Be5 90. Rb6 Bd4 91. Rf6 Bxf6 92. Kxf6 Nd5+ 93. Kf7 Ne3 94. Kf6 Nd5+ 95. Kf7 Ne3
96. g7 Nf5 1/2-1/2

[Event "World Chess Candidates 2018"]
[Site "Berlin"]
[Date "2018.03.24"]
[Round "12"]
[White "Mamedyarov, Shakhriyar"]
[Black "Ding, Liren"]
[Result "0-1"]
[WhiteElo "2809"]
[BlackElo "2769"]
[PlyCount "86"]
[EventDate "2018.??.??"]
[EventType "tourn"]
[EventCountry "GER"]
[SourceTitle "playchess.com"]
[Source "ChessBase"]
[SourceQuality "1"]

1. d4 Nf6 2. c4 e6 3. Nf3 d5 4. Nc3 c5 5. cxd5 Nxd5 6. e4 Nxc3 7. bxc3 cxd4 8.
cxd4 Bb4+ 9. Bd2 Bxd2+ 10. Qxd2 O-O 11. Bc4 Nd7 12. O-O b6 13. Rad1 Bb7 14.
Rfe1 Rc8 15. Bb3 Re8 16. h3 Nf6 17. Qf4 Nh5 18. Qh2 h6 19. Ne5 (19. d5 exd5 20.
exd5 Rxe1+ 21. Nxe1 Qf6 22. Nd3 Ba6 23. Qe5 Bxd3 24. Qxh5 Bc2 25. Rc1 Bf5 26.
Rxc8+ Bxc8 27. d6 g5 28. Qd1 Bd7 29. Qd5 Kg7 30. Qb7 Qa1+ 31. Kh2 Qe5+ 32. Kg1
Qxd6 33. Qxa7 h5 34. Qb7 h4 35. Qf3 Qe7 36. Qc3+ f6 37. Qc4 Qe8 38. Qb4 b5 39.
a3 Qe5 40. Bd1 Bc6 41. Bf3 Be8 42. Kf1 Bf7 43. Be2 Be8 44. Bf3 f5 45. Kg1 Bf7
46. Qd2 Kg6 47. Qc1 Be6 48. Qc6 Kf6 49. Qe8 Qa1+ 50. Kh2 Qxa3 51. Qd8+ Qe7 52.
Qh8+ Qg7 53. Qd8+ Kg6 54. Qe8+ Qf7 55. Qxb5 Qc7+ {1/2-1/2 (57) So,W (2799)
-Kramnik,V (2800) Berlin GER 2018}) 19... Nf6 20. Qf4 b5 21. Re3 (21. Nxf7 Kxf7
22. e5 a5 23. d5 Bxd5 24. Bxd5 exd5 25. Qf3 Rc5 26. exf6 Rxe1+ 27. Rxe1 Qxf6
$13) 21... Rc7 22. Nd3 Rc3 23. Nc5 Rxe3 24. Qxe3 Bc6 25. Rc1 Qb6 26. f3 Rd8 27.
Kf2 a5 28. g4 a4 29. Bc2 Nd7 30. Bd3 Nxc5 31. Rxc5 b4 32. Bc4 Bd7 33. g5 $6 {
11-36} hxg5 34. Qxg5 {[%csl Ga4,Gb4]} Be8 35. Qe7 $6 b3 36. axb3 a3 37. b4 Ra8
38. d5 a2 39. dxe6 $6 a1=Q 40. exf7+ Bxf7 41. Bxf7+ Kh7 42. Qh4+ Qh6 43. Rh5
Qa7+ (43... Qa7+ 44. Kg2 Qxf7 45. Rxh6+ gxh6 $19) 0-1

[Event "World Chess Candidates 2018"]
[Site "Berlin"]
[Date "2018.03.24"]
[Round "12"]
[White "Karjakin, Sergey"]
[Black "Caruana, Fabiano"]
[Result "1-0"]
[WhiteElo "2763"]
[BlackElo "2784"]
[PlyCount "95"]
[EventDate "2018.??.??"]
[EventType "tourn"]
[EventCountry "GER"]
[SourceTitle "playchess.com"]
[Source "ChessBase"]
[SourceQuality "1"]

1. e4 e5 2. Nf3 Nf6 3. Nxe5 d6 4. Nf3 Nxe4 5. Nc3 Nxc3 6. dxc3 Nc6 7. Be3 Be7
8. Qd2 Be6 9. O-O-O Qd7 10. a3 h6 11. Nd4 (11. Kb1 Rg8 12. Bd3 O-O-O 13. Qe2
Bf6 14. Bb5 Kb8 15. Rhe1 g5 16. Nd2 Bh8 17. Nb3 Bxb3 18. cxb3 Qf5+ 19. Bd3 Qf6
20. Be4 d5 21. Bc2 d4 22. cxd4 Nxd4 23. Rxd4 Rxd4 24. Bxd4 Qxd4 25. Qe8+ Qd8
26. Qxf7 Rf8 27. Qe7 Bf6 28. Qxd8+ Rxd8 29. b4 a6 30. Re6 Rd6 31. Rxd6 cxd6 32.
Be4 Bd4 33. f3 Bg1 34. h3 Bh2 35. g4 Kc7 36. Bd5 b6 37. Kc2 Be5 38. b3 Bf4 39.
Kd3 Bc1 40. Ke4 Bxa3 41. b5 axb5 42. Kf5 Kd7 43. Kg6 Bc1 44. Kxh6 Ke7 45. Kg6
Kf8 46. b4 Bd2 47. Kf6 Bc1 48. Bc6 Kg8 49. Kg6 Kf8 50. Bxb5 Ke7 51. Kf5 d5 52.
Bd3 Bd2 53. Bf1 Kf7 54. b5 Be3 55. h4 gxh4 56. g5 d4 57. f4 Ke7 58. Kg4 Kd6 59.
f5 h3 60. Bxh3 d3 61. Kh5 d2 62. Bg4 Ke5 63. f6 Bd4 64. Kg6 Kf4 65. Bd1 Bc3 66.
f7 Bb4 67. Kf6 Bc3+ 68. Ke6 Bg7 69. g6 Kg5 70. Bc2 Bf8 71. Kd5 d1=Q+ {1/2-1/2 
(71) Kasimdzhanov,R (2698)-Li,D (2488) Chengdu CHN 2017}) 11... Nxd4 12. Bxd4
Rg8 13. Be2 c5 14. Be3 d5 15. f4 O-O-O 16. Bf3 Bg4 17. Bxd5 $1 Bxd1 18. Rxd1
Qc7 19. c4 Rge8 20. Qf2 b6 21. g4 Bf6 22. Kb1 Rd7 23. Rd3 g5 24. Ka2 Ree7 25.
Qf3 Kd8 {23-17} 26. Bd2 Kc8 27. Qf1 Rd6 28. fxg5 Bxg5 29. Bxg5 hxg5 30. Qf5+
Rdd7 31. Qxg5 Qe5 32. Qh6 Kd8 33. g5 Qd6 34. Qh8+ Re8 35. Qh4 Qg6 36. Qg4 Re5
37. h4 Ke7 38. Rd2 b5 39. Bxf7 Qf5 40. Rxd7+ Kxd7 41. Qxf5+ Rxf5 42. g6 Ke7 43.
cxb5 Rh5 44. c4 Rxh4 45. a4 Rg4 46. a5 Kd6 47. a6 Kc7 48. Kb3 1-0

[Event "World Chess Candidates 2018"]
[Site "Berlin"]
[Date "2018.03.24"]
[Round "12"]
[White "Grischuk, Alexander"]
[Black "Aronian, Levon"]
[Result "1/2-1/2"]
[WhiteElo "2767"]
[BlackElo "2794"]
[PlyCount "108"]
[EventDate "2018.??.??"]
[EventType "tourn"]
[EventCountry "GER"]
[SourceTitle "playchess.com"]
[Source "ChessBase"]
[SourceQuality "1"]

1. e4 e5 2. Nf3 Nc6 3. Bb5 a6 4. Ba4 Nf6 5. O-O Be7 6. Re1 b5 7. Bb3 O-O 8. d3
d6 9. Bd2 $5 Kh8 (9... Nd7 10. a4 Bb7 11. axb5 axb5 12. Rxa8 Qxa8 13. Nc3 Na5
14. Ba2 Rb8 15. Nxb5 Bxe4 16. dxe4 Rxb5 17. b4 Nc6 18. Qe2 Qb8 19. Bxf7+ Kxf7
20. Qc4+ Ke8 21. Qxc6 Qb7 22. Qc4 d5 23. exd5 Qxd5 24. Qxc7 Bxb4 25. c4 Qb7 26.
Qxb7 Rxb7 27. Rb1 e4 28. Nd4 e3 29. Bxb4 exf2+ 30. Kxf2 Ne5 31. Re1 {1-0 (31)
Muir,A-Zimmermann,L Groningen 1978}) (9... Bg4 10. h3 Bxf3 11. Qxf3 Nd4 12. Qd1
a5 13. c3 Nxb3 14. axb3 Nd7 15. Na3 c6 16. Be3 Qb8 17. Nc2 d5 18. Qg4 Nf6 19.
Qf3 dxe4 20. dxe4 Qc8 21. b4 axb4 22. cxb4 Qe6 23. Bg5 Rfd8 24. Rac1 Ra2 25.
Bxf6 Bxf6 26. Qc3 Ra6 27. Rcd1 g6 28. Ne3 Rd4 29. Ng4 Bg7 30. Ra1 Rxa1 31. Rxa1
h5 32. Nh2 Rxe4 33. Nf3 Bf6 34. Ra8+ Kg7 35. Qc5 Be7 36. Qb6 Qd6 37. Qb7 Rc4
38. g3 Qd1+ 39. Kg2 Rc1 40. g4 Qh1+ {0-1 (40) Calzetta Ruiz,M (2317)-Atalik,E 
(2393) Turin 2006}) 10. h3 Nd7 11. Nc3 Na5 12. Nd5 Nxb3 13. axb3 Bb7 14. c4 f5
15. Ba5 Rc8 16. Rc1 bxc4 17. bxc4 fxe4 18. dxe4 Nc5 19. Bc3 Qe8 20. b4 Ne6 21.
Bd2 c6 22. Nxe7 Qxe7 23. Be3 c5 24. bxc5 Nxc5 25. Bxc5 Rxc5 26. Nd2 Bc8 27. Nf1
Be6 28. Ne3 Rc6 29. Qa4 Rfc8 30. Rb1 h6 31. Rb8 Rxc4 32. Rxc8+ Rxc8 33. Qxa6
Qc7 34. Rd1 Rd8 35. Qd3 Qc5 36. Kh2 Qc7 37. Kg1 Qc5 38. Rd2 Qc7 39. Qa3 Qe7 40.
Rd1 Kh7 41. Qb4 Qc7 42. Rd3 Kg8 43. Qd2 Qe7 44. Kh2 Qf8 45. Kg1 Qe7 46. Qd1 Kh7
47. Rd2 Qf8 48. Rd3 Qe7 49. Rd2 Qf8 50. Nf1 Rd7 51. Ng3 Qb8 52. Kh2 Qf8 53. Kg1
Qb8 54. Kh2 Qf8 1/2-1/2

[Event "World Chess Candidates 2018"]
[Site "Berlin"]
[Date "2018.03.24"]
[Round "12"]
[White "Kramnik, Vladimir"]
[Black "So, Wesley"]
[Result "1/2-1/2"]
[WhiteElo "2800"]
[BlackElo "2799"]
[PlyCount "84"]
[EventDate "2018.??.??"]
[EventType "tourn"]
[EventCountry "GER"]
[SourceTitle "playchess.com"]
[Source "ChessBase"]
[SourceQuality "1"]

1. c4 e6 2. Nc3 d5 3. d4 Be7 4. cxd5 exd5 5. Bf4 c6 6. e3 Bf5 7. g4 Be6 8. Qb3
(8. h4 Nd7 (8... Bxh4 9. Qb3 g5 10. Be5 f6 11. Bh2 Bxg4 12. Qxb7 Qe7 13. Qxe7+
Nxe7 14. Be2 Bxe2 15. Kxe2 Nd7 16. Nf3 Nf5 17. Rac1 Nb6 18. e4 dxe4 19. Nxe4
Kf7 20. Rxc6 Nd5 21. Rc5 Rad8 22. Nxh4 Nxh4 23. Nd6+ Ke6 24. Nb5 Rd7 25. Re1
Rhd8 26. Nc7+ Kf7 27. Nxd5 Rxd5 28. Rc7+ R8d7 29. Rxd7+ Rxd7 30. Rd1 Ke6 31.
Kd3 Nf3 32. Bb8 Rxd4+ 33. Ke2 Rxd1 34. Kxd1 a6 35. Ke2 Nd4+ 36. Ke3 Nc6 37. Bh2
Kd5 38. f4 g4 39. f5 h5 40. Bc7 h4 41. Kf4 g3 42. Bb6 Nd4 43. Ke3 Nxf5+ 44. Kf3
h3 45. b3 h2 46. Kg2 Nh4+ 47. Kh1 Ke4 {0-1 (47) Giri,A (2785)-So,W (2815)
chess.com INT 2017}) 9. g5 h6 10. g6 fxg6 11. Bd3 Nf8 12. Nf3 Bg4 13. Rg1 Nf6
14. Rg3 g5 15. hxg5 hxg5 16. Bxg5 Rh1+ 17. Bf1 Qc8 18. Qb3 N8h7 19. Bxf6 gxf6
20. O-O-O Bd6 21. Rxg4 Qxg4 22. Qxb7 Rc8 23. Qa6 Rc7 24. Be2 Rxd1+ 25. Kxd1 Qf5
26. Nd2 Ng5 27. f4 Nh3 28. Bf3 Bb4 29. Nxd5 cxd5 30. Qb5+ Kf7 31. Qxb4 Qd3 32.
Bxd5+ Kg7 33. Qb3 Nf2+ 34. Ke1 Rc1+ 35. Kxf2 Qxd2+ 36. Kf3 Re1 37. Bc4 Qh2 38.
Qb7+ Kh6 39. Qe7 Qh1+ 40. Kf2 Qh4+ 41. Kf3 Qh1+ 42. Kf2 Qh4+ 43. Kf3 Qh3+ 44.
Kf2 Qh4+ 45. Kf3 Qh3+ {1/2-1/2 (45) So,W (2822)-Akobian,V (2645) Saint Louis
USA 2017}) 8... Qb6 9. f3 g5 10. Be5 f6 11. Bg3 Qxb3 12. axb3 h5 13. gxh5 Rxh5
14. Bd3 Kf7 15. h4 f5 16. Nh3 f4 17. exf4 Bxh3 18. fxg5 $5 (18. Rxh3 gxh4 19.
Bf2 Nd7 $13) 18... Bd7 19. Kf2 Na6 20. Bxa6 bxa6 21. Ne2 Bd8 22. Be5 Ne7 23.
Nf4 Rh7 24. h5 Kg8 25. Rag1 Nf5 26. h6 Be8 $6 27. g6 Rxh6 28. Rxh6 Nxh6 29. Rh1
Bg5 30. Ne6 Bxg6 31. Nxg5 Nf7 32. Ne6 Nxe5 33. dxe5 Re8 34. Nf4 Bc2 35. Rg1+
Kf7 36. e6+ Kf6 37. Nh5+ Ke5 38. f4+ Kd6 39. Ng7 Rf8 40. Ke3 d4+ 41. Kf3 Ke7
42. b4 Kf6 1/2-1/2